[Event "Washington Open Championship"]
[Site "SeaTac City, WA"]
[Date "2012.05.26"]
[Round "2"]
[White "Smith Micah  (WA)"]
[Black "Fagundes Frank  (WA)"]
[Result "1/2-1/2"]
[WhiteElo "1881"]
[BlackElo "1763"]
[Annotator ""]
[Source ""]
[Remark "Premier"]

1.d4 Nf6 2.c4 e6 3.Nf3 b6 4.g3 Ba6 5.Nbd2 Bb4 6.Qa4 Qe7 7.a3
Bxd2+ 8.Bxd2 Ne4 9.Bg2 Bb7 10.O-O Nxd2 11.Nxd2 Bxg2 12.Kxg2 Nc6
13.Nf3 f5 14.Rfe1 O-O 15.e4 f4 16.d5 Na5 17.e5 fxg3 18.hxg3 Qf7
19.Re3 exd5 20.cxd5 Qxd5 21.Rd1 Qc6 22.Qxc6 dxc6 23.Rd7 Nc4 24.Re2
Rac8 25.e6 Rfe8 26.e7 h6 27.Nd4 c5 28.Nb5 a6 29.Nxc7 Rxc7 30.Rxc7
Kf7 31.Kf3 Nd6 32.Rc6 Nf5 33.Re4 Nd4+ 34.Rxd4 cxd4 35.Rxb6 Kxe7
36.Ke4 Rd8 37.Kd3 a5 38.Rb5 g5 39.Rxa5 Rf8 40.Kxd4 Rxf2 41.b4
Rf3 42.Re5+ Kd6 43.Re3 Rf5 44.Rc3 h5 45.a4 h4 46.Ke4 Re5+ 47.Kf3
hxg3 48.Rc4 g2 49.Kxg2 Re3 50.a5 Ra3 51.Rg4 Rb3 52.Kf2 Kc6 53.Ke2
Kb5 54.Kd2 Ra3 55.Re4 Rg3 56.Re3 Rg4 57.Kc3 Rc4+ 58.Kd3 Kxb4
59.Re5 1/2-1/2

[Event "Washington Open Championship"]
[Site "SeaTac City, WA"]
[Date "2012.05.26"]
[Round "4"]
[White "Jee Ben  (WA)"]
[Black "Schmidt Karen  (WA)"]
[Result "1-0"]
[WhiteElo "719"]
[BlackElo "821"]
[Annotator ""]
[Source ""]
[Remark "Novice"]

1.e4 e5 2.Nf3 d6 3.Nc3 Nf6 4.h3 Be7 5.Bc4 O-O 6.d3 Nc6 7.Bg5
Nd4 8.Nxd4 ( 8.Nxd4 exd4 9.Ne2 d5 10.exd5 a5 11.a3 b6 12.Nxd4
Ba6 13.O-O b5 14.Bxb5 Bxb5 15.Nxb5 Nxd5 16.Bxe7 Qxe7 17.Qf3 Nb6
18.Nc3 Rab8 19.Qe3 Qxe3 20.fxe3 Nd7 21.b3 c5 22.a4 Rb4 23.Rf2
h6 24.Raf1 f6 25.Ne4 Re8 26.Rf3 Kf7 27.Nd2 Ne5 28.Rf4 Nc6 29.e4
Nd4 30.R4f2 Nxc2 31.Nc4 Nd4 32.Nd6+ Ke7 33.Nxe8 Kxe8 34.Rb1 Nxb3
35.Rc2 Kd7 36.Kf2 Kc6 37.Ke3 Kb6 38.Rc3 Nd4 39.Rxb4+ axb4 40.a5+
Kb5 41.Rc4 b3 42.Kd2 b2 43.Rxd4 b1Q 44.Rd5 Qa2+ 45.Ke3 Qxa5 46.d4
Qc3+ 47.Kf4 Kc4 48.Rxc5+ Kxd4 49.Rxc3 Kxc3 50.Kf5 Kd3 51.g4 Ke3
52.h4 Kf3 {1/2-1/2, Boevinger Simon - Van Der Putten Steven, Leuven (Belgium) 1998}
) exd4 9.Bxf6 Bxf6 10.Nd5 Be5 11.O-O c6 12.Nb4 Qg5 13.Qf3 Be6
14.Bxe6 fxe6 15.Qg4 Qxg4 16.hxg4 a5 17.Nxc6 bxc6 18.Rab1 Rf4
19.f3 d5 20.exd5 cxd5 21.Rfe1 Rc8 {?} 22.Rxe5 Rf6 23.c3 dxc3
24.bxc3 Rxc3 25.Rb8+ Rf8 26.Rxf8+ Kxf8 27.Rxe6 Rxd3 28.Ra6 Rd1+
29.Kh2 Re1 30.Rxa5 d4 31.Rd5 Rd1 32.a4 d3 33.a5 Ra1 34.Rxd3 Rxa5
35.Rd8+ Kf7 36.Rh8 h6 37.Rb8 h5 38.gxh5 Rxh5+ 39.Kg1 g5 40.Rb5
Kf6 41.g4 Rh3 42.Kg2 Rh8 43.Kg3 Re8 44.Kf2 Re5 45.Rxe5 Kxe5 46.Ke3
Kf6 {%02  (White eventually promoted a pawn to win.)} 1-0

[Event "Washington Open Championship"]
[Site "SeaTac City, WA"]
[Date "2012.05.28"]
[Round "6"]
[White "Smith Andrew  (WA)"]
[Black "Campbell Tim  (WA)"]
[Result "0-1"]
[WhiteElo "988"]
[BlackElo "1730"]
[Annotator ""]
[Source ""]
[Remark "Open"]

1.e4 c5 2.Nc3 Nc6 3.f4 d6 4.Nf3 e6 5.Bb5 Bd7 6.d3 g6 7.O-O Bg7
8.Be3 Rc8 9.Rb1 Nge7 10.Bf2 O-O 11.Ne2 a6 12.Bxc6 Bxc6 13.c3
b5 14.a3 Qc7 15.Bg3 c4 16.Bf2 Qb7 17.Ng3 a5 18.Qd2 cxd3 19.Qxd3
d5 20.e5 b4 21.Nd4 Bd7 22.Nge2 Nc6 23.Rfc1 Nxd4 24.Nxd4 Rc7 25.cxb4
Rxc1+ 26.Rxc1 axb4 27.Be1 bxa3 28.Qxa3 Ra8 29.Qc3 Rc8 30.Qd2
Rxc1 31.Qxc1 f6 32.Bc3 fxe5 33.fxe5 Bxe5 34.Nf3 Bxc3 35.Qxc3
Qa7+ 36.Kf1 Bb5+ 37.Ke1 h6 38.Kd2 Qf2+ 39.Kc1 Qf1+ 40.Qe1 Qxe1+
41.Nxe1 Kf7 42.Kd2 e5 43.Nf3 Ke6 44.h4 d4 45.Ne1 e4 46.Nc2 Ke5
47.Nb4 e3+ 48.Kc2 e2 49.Kd2 d3 50.Nxd3+ Bxd3 51.b4 Kf4 52.h5
gxh5 53.Ke1 Kg3 54.Kd2 Kf2 0-1

[Event "Washington Open Championship"]
[Site "SeaTac City, WA"]
[Date "2012.05.28"]
[Round "6"]
[White "He Samuel  (WA)"]
[Black "May Sarah  (WA)"]
[Result "1/2-1/2"]
[WhiteElo "1917"]
[BlackElo "1820"]
[Annotator ""]
[Source ""]
[Remark "Premier"]

1.e4 e5 2.Nc3 Nc6 3.g3 Nf6 4.Bg2 Bc5 5.d3 d6 6.Na4 Bb6 7.Nxb6
axb6 8.Ne2 O-O 9.O-O d5 10.Nc3 dxe4 11.Nxe4 Nxe4 12.Bxe4 Be6
13.a3 Bd5 14.Qg4 Bxe4 15.dxe4 Qe7 16.Bh6 f6 17.Rad1 Rad8 18.Be3
Na5 19.Qe2 Qe6 20.Rxd8 Rxd8 21.Rd1 Rd6 22.Rxd6 Qxd6 23.Qd3 Qxd3
24.cxd3 Nb3 25.Kf1 Kf7 26.Ke2 h5 27.f4 g6 28.Kd1 Nc5 29.Kc2 Ke6
30.b4 Nd7 31.d4 exd4 32.Bxd4 f5 33.Kd3 c6 34.h3 1/2-1/2

[Event "Washington Open Championship"]
[Site "SeaTac City, WA"]
[Date "2012.05.28"]
[Round "6"]
[White "He Daniel  (WA)"]
[Black "Jung Hubert  (WA)"]
[Result "1/2-1/2"]
[WhiteElo "1950"]
[BlackElo "1941"]
[Annotator ""]
[Source ""]
[Remark "Open"]

1.Nf3 Nf6 2.g3 g6 3.Bg2 Bg7 4.O-O O-O 5.d3 d6 6.e4 c5 7.Nbd2
Nc6 8.c3 Bd7 9.d4 cxd4 10.cxd4 Rc8 11.a3 e5 12.d5 Na5 13.b4 Nc4
14.Nxc4 Rxc4 15.Nd2 Rc8 16.a4 Qb6 17.Ba3 Rc3 18.Bb2 Bg4 19.Qb1
Rc7 20.Ba3 Rfc8 21.Ra2 Bh6 22.h3 Bd7 23.b5 Bxd2 24.Rxd2 Rc4 25.a5
Qxa5 26.Rd3 Qb6 27.Rb3 Rc2 1/2-1/2

[Event "Washington Open Championship"]
[Site "SeaTac City, WA"]
[Date "2012.05.27"]
[Round "1"]
[White "Orlov Georgi (WA)"]
[Black "Feng Roland  (WA)"]
[Result "1-0"]
[WhiteElo "2512"]
[BlackElo "2113"]
[Annotator ""]
[Source ""]
[Remark "Open"]

1.d4 Nf6 2.Nf3 e6 3.c4 Bb4+ 4.Nc3 O-O 5.g3 b6 6.Bg2 Bb7 7.O-O
Bxc3 8.bxc3 d6 9.Nh4 Bxg2 10.Nxg2 Nbd7 11.f3 d5 12.cxd5
( 12.cxd5 exd5 13.Qd3 Re8 14.Bg5 c5 15.Rae1 Rc8 16.Nf4 Qc7 17.e4
cxd4 18.cxd4 dxe4 19.fxe4 Nc5 20.Qb5 a6 21.Qc4 Ncxe4 22.Qxc7
Rxc7 23.Bxf6 Nxf6 24.Nd5 Rxe1 25.Rxe1 Rc4 26.Nxb6 Rxd4 27.Rc1
h5 28.a4 Rb4 29.a5 Rb5 30.Rc8+ Kh7 31.Nc4 Ne4 32.Kg2 Rc5 33.Rxc5
Nxc5 34.Kf3 Kg6 35.Ke3 Kf5 36.Kd4 Nb7 37.Ne3+ Ke6 38.Nd5 Nxa5
39.Nf4+ Kf5 40.Nxh5 g5 41.h3 Nb3+ 42.Kd5 Kg6 43.g4 f5 44.Ng3
f4 45.Nf1 a5 46.Kc4 a4 47.Kb4 Nd4 48.Kxa4 Nf3 49.Kb4 Ng1 50.Nd2
Nxh3 51.Ne4 Ng1 52.Kc4 Nf3 53.Kd5 Nh2 54.Nf2 Nxg4 55.Nxg4 Kf5
56.Nh6+ Kg6 57.Ng4 {1/2-1/2, Osnos Viatcheslav (RUS) 2384 - Kengis Edvins (LAT) 2445, Lvov (Ukraine) 1984}
) exd5 13.a4 Re8 14.Qd3 c5 15.Bg5 cxd4 16.cxd4 h6 17.Bd2 Qe7
18.Rfe1 Rac8 19.Nh4 Nf8 20.Nf5 Qd7 21.g4 Rc4 22.a5 b5 23.Bf4
Ng6 24.Bg3 h5 25.Nd6 hxg4 26.Nxe8 Nxe8 27.a6 gxf3 28.exf3 Nf6
29.Re3 b4 30.Qd2 Qb5 31.Rb1 Qb6 32.Reb3 Qxa6 33.Rxb4 Rc6 34.Rb8+
Kh7 35.R8b7 Qa4 36.Rxf7 Rc2 37.Qd3 Qa2 38.Re1 Rg2+ 39.Kh1 Nh5
40.Bd6 Kg8 41.Qf5 Nf6 42.Rxf6 gxf6 43.Re8+ Kg7 44.Qd7+ Kh6 45.Qh3+
Nh4 46.Qxh4+ Kg7 47.Re7+ Kg6 48.Qh7+ 1-0

[Event "Washington Open Championship"]
[Site "SeaTac City, WA"]
[Date "2012.05.28"]
[Round "6"]
[White "Bishop Alan  (WA)"]
[Black "Feng Roland  (WA)"]
[Result "0-1"]
[WhiteElo "2029"]
[BlackElo "2113"]
[Annotator ""]
[Source ""]
[Remark "Open"]

1.e4 e6 2.d4 d5 3.Nc3 Nf6 4.Bg5 Be7 5.e5 Nfd7 6.Bxe7 Qxe7 7.f4
a6 8.Nf3 c5 9.dxc5 Nxc5 10.Bd3 Nc6 11.O-O b5 12.Ne2 b4 13.Kh1
O-O 14.Bxh7+ Kxh7 15.Ng5+ Kg8 16.Nd4 Nxd4 17.Qh5 Qxg5 18.fxg5
Ne4 19.g6 fxg6 20.Rxf8+ Kxf8 21.Qh8+ Kf7 22.Rf1+ Nf5 23.g4 Bb7
24.Qh3 d4 25.Kg1 Ng5 26.Qb3 {=} ( 26.Qh4 Nf3+ 27.Rxf3 Bxf3 28.gxf5
gxf5 $16 ) Bd5 27.Qg3 Rh8 28.h4 Ne4 29.Qf4 {??} ( 29.Qe1 $16 )
Rxh4 30.gxf5 Rxf4 31.fxg6+ Kxg6 32.Rxf4 Kg5 33.Rf7 g6 34.Ra7
Bxa2 35.Rxa6 b3 36.cxb3 Bxb3 37.Rb6 Bc2 0-1

[Event "Washington Open Championship"]
[Site "SeaTac City, WA"]
[Date "2012.05.28"]
[Round "3"]
[White "Esler Brian  (OR)"]
[Black "Saidy Jawid  (WA)"]
[Result "1-0"]
[WhiteElo "2006"]
[BlackElo "1719"]
[Annotator ""]
[Source ""]
[Remark "Open"]

1.e4 d5 2.exd5 Qxd5 3.Nc3 Qa5 4.d4 c6 5.Nf3 Bg4 6.Be2 Bxf3 7.Bxf3
e6 8.O-O Nf6 9.Ne4 Nxe4 10.Bxe4 Bd6 11.Bd2 Qc7 12.h3 Nd7 13.c4
Nf6 14.Bc2 Bh2+ 15.Kh1 Bf4 16.Bc3 O-O 17.g3 Bd6 18.f4 Rad8 19.Qf3
c5 20.d5 Be7 21.Rad1 exd5 22.cxd5 Qd7 23.g4 Ne8 24.Rfe1 Bh4 25.Re5
Bf6 26.Qd3 g6 27.Rxe8 Rfxe8 28.Bxf6 Qxd5+ 1-0

[Event "Washington Open Championship"]
[Site "SeaTac City, WA"]
[Date "2012.05.28"]
[Round "4"]
[White "Doknjas John  (CAN)"]
[Black "Feng Roland  (WA)"]
[Result "1/2-1/2"]
[WhiteElo "1903"]
[BlackElo "2113"]
[Annotator ""]
[Source ""]
[Remark "Open"]

1.d4 Nf6 2.c4 e6 3.Nc3 Bb4 4.a3 Bxc3+ 5.bxc3 O-O 6.f3 b6 7.e4
d6 8.Bd3 c5 9.Bg5 h6 10.Bh4 Nc6 11.Ne2 e5 12.d5 Na5 13.Nc1 Ba6
14.Qe2 g5 15.Bf2 Qd7 16.h4 g4 17.h5 Qa4 18.Bh4 Nxh5 19.f4 f5
20.exf5 Nf6 21.Bxf6 Rxf6 22.Qxg4+ Kf7 23.fxe5 dxe5 24.O-O Bxc4
25.Re1 Qb5 26.Qh5+ Kg7 27.Bxc4 Qxc4 28.Qf3 Qf4 29.Qxf4 exf4 30.Re7+
Kg8 31.Ne2 Rxf5 32.Rd1 Rd8 33.Rxa7 Rfxd5 34.Rxd5 Rxd5 35.Nxf4
Re5 36.Kf2 Nc4 37.a4 Nb2 38.Ra6 Nc4 39.Ra7 h5 40.g3 Nb2 41.Ra6
Nc4 42.Ra7 Nd6 43.Ra6 Nc4 1/2-1/2

[Event "Washington Open Championship"]
[Site "SeaTac City, WA"]
[Date "2012.05.28"]
[Round "6"]
[White "Saputra Yogi  (OR)"]
[Black "Colasurdo James  (WA)"]
[Result "1-0"]
[WhiteElo "1749"]
[BlackElo "1833"]
[Annotator ""]
[Source ""]
[Remark "Premier"]

1.d4 Nf6 2.c4 e6 3.Nc3 Bb4 4.Nf3 d5 5.cxd5 exd5 6.Bg5 h6 7.Bxf6
Qxf6 8.e3 O-O 9.Be2 c6 10.O-O Nd7 11.Qb3 Ba5 12.Ne1 Re8 13.Nd3
Bc7 14.Rfc1 Nb6 15.Nc5 Qg5 16.Qd1 Nd7 17.b4 Nxc5 18.dxc5 Bh3
19.Bf3 Rad8 20.Ne2 Bg4 21.Nd4 h5 22.b5 Qg6 23.Bxg4 hxg4 24.bxc6
bxc6 25.Qa4 Rc8 26.Qxa7 Bxh2+ 27.Kxh2 g3+ 28.Kg1 gxf2+ 29.Kxf2
Qf6+ 30.Nf3 Qb2+ 31.Kg1 Rxe3 32.Rab1 Qf6 33.Rb8 Rce8 34.Rxe8+
Rxe8 35.Rc2 Qf4 36.Qa3 Qg3 37.Qc1 Re4 38.Qd2 f6 39.Qf2 Qg6 40.Re2
Rc4 41.Nd2 Rc1+ 42.Nf1 Rc4 43.Qe3 Kh7 44.Nd2 Rc1+ 45.Kf2 Qf5+
46.Nf3 Rc4 47.Rd2 Qe4 48.Qxe4+ dxe4 49.Nd4 Rxc5 50.Rc2 Ra5 51.Nxc6
Ra3 52.Nd4 Kg6 53.Nb3 Kg5 54.Rc5+ Kf4 55.g3+ Kg4 56.Ra5 Rxa5
57.Nxa5 e3+ 58.Kxe3 Kxg3 59.Nb3 f5 60.Nd2 g5 61.a4 f4+ 62.Ke2
Kg2 63.a5 g4 64.a6 f3+ 65.Ke1 f2+ 66.Ke2 g3 67.Nf1 1-0

[Event "Washington Open Championship"]
[Site "SeaTac City, WA"]
[Date "2012.05.28"]
[Round "6"]
[White "Haining Breck  (WA)"]
[Black "Bodge Nicholas  (WA)"]
[Result "1-0"]
[WhiteElo "1114"]
[BlackElo "760"]
[Annotator ""]
[Source ""]
[Remark "Booster"]

1.e4 c6 2.d4 d5 3.Nc3 g6 4.e5 Bf5 5.Nf3 f6 6.Be2 Nd7 7.O-O Bg4
8.exf6 exf6 9.Ng5 Bxe2 10.Qxe2+ Qe7 11.Ne6 Kf7 12.Re1 Qd6 13.Bf4
Qb4 14.Nc7 Rd8 15.Qe6+ Kg7 16.Ne8+ Rxe8 17.Qxe8 Qxb2 18.Qxd7+
Ne7 19.Ne2 g5 20.Bd6 Kg6 21.Bxe7 Bxe7 22.Qxe7 h6 23.h3 Rb8 24.Rab1
Qxc2 25.Rxb7 Rxb7 26.Qxb7 Qxa2 27.Qxc6 a5 28.Qc3 a4 29.Kf1 1-0

[Event "Washington Open Championship"]
[Site "SeaTac City, WA"]
[Date "2012.05.28"]
[Round "6"]
[White "Singh Ranjeet  (WA)"]
[Black "Fagundes Frank  (WA)"]
[Result "0-1"]
[WhiteElo "1534"]
[BlackElo "1763"]
[Annotator ""]
[Source ""]
[Remark "Premier"]

1.b3 e5 2.Bb2 Nc6 3.e3 d5 4.Bb5 Bd6 5.Bxc6+ bxc6 6.Nf3 Qe7 7.d4
Bg4 8.h3 Bxf3 9.Qxf3 e4 10.Qe2 Nf6 11.Nd2 O-O 12.O-O Rfe8 13.Qa6
Qd7 14.c4 Bb4 15.Rfd1 Re6 {?} ( 15...Reb8 {%02$14/=} ) 16.Qb7
Rae8 17.Qxb4 Nh5 18.cxd5 cxd5 19.Nf1 Rg6 20.Kh2 Qf5 21.Qe1 Ree6
22.Ng3 Qg5 23.Qe2 Nxg3 24.fxg3 Qxg3+ 25.Kh1 Rh6 26.Qg4 {??}
( 26.Rf1 Ref6 27.Rxf6 Rxf6 28.Qg4 Qxg4 29.hxg4 {+-} ) Qxg4 0-1

[Event "Washington Open Championship"]
[Site "SeaTac City, WA"]
[Date "2012.05.28"]
[Round "6"]
[White "Jung Trevor  (WA)"]
[Black "Li Terrance  (WA)"]
[Result "1/2-1/2"]
[WhiteElo "1258"]
[BlackElo "1158"]
[Annotator ""]
[Source ""]
[Remark "Booster"]

1.e4 c5 2.Nf3 d6 3.d4 cxd4 4.Nxd4 Nf6 5.Nc3 g6 6.Bc4 Bg7 7.Be3
O-O 8.O-O Nc6 9.Bb3 Ng4 10.Qd3 Nxe3 11.fxe3 Ne5 ( 11...Ne5 12.Qe2
Bg4 13.Qf2 Rc8 14.h3 Bd7 15.Qe2 a6 16.a4 Rc5 17.Rf2 e6 18.Na2
Qh4 19.Nb4 Rc7 20.Rd1 Bh6 21.Rdf1 g5 22.Nf5 exf5 23.Nd5 Rc5 24.g3
Qxg3+ 25.Rg2 Qh4 26.Rf4 g4 27.exf5 Bxf4 28.exf4 g3 29.fxe5 Rxd5
{0-1, Kroger Torsten - Lindemann Stefan (GER) 2371, Germany 1994} )
12.Qd2 Qa5 13.Qf2 e6 14.Rad1 Bd7 15.Qg3 Rad8 16.Rf2 Qc7 17.Rdf1
a6 18.h4 h5 19.Nde2 Ng4 20.Rf3 Be5 21.Nf4 Bc8 22.Qe1 Qe7 23.Rh3
b5 24.a3 1/2-1/2

[Event "Washington Open Championship"]
[Site "SeaTac City, WA"]
[Date "2012.05.28"]
[Round "6"]
[White "Hendricks David  (WA)"]
[Black "Nagase Masayuki  (WA)"]
[Result "1-0"]
[WhiteElo "1615"]
[BlackElo "1731"]
[Annotator ""]
[Source ""]
[Remark "Premier"]

1.d4 f5 2.Bf4 Nf6 3.e3 e6 4.h3 Be7 5.Nf3 b6 6.Be2 Bb7 7.O-O O-O
8.c4 d6 9.Nc3 Qe8 10.Ng5 Bd8 11.d5 e5 12.Ne6 exf4 13.Nxf8 Qxf8
14.exf4 Nbd7 15.Bd3 g6 16.Re1 Be7 17.Nb5 Qd8 {?} 18.Qe2
( 18.Nxc7 Qxc7 19.Rxe7 ) Bf8 19.Qe6+ Kg7 20.Nd4 Ne4 21.Bxe4 Nc5
22.Nxf5+ ( 22.Bf3 Nxe6 23.Nxe6+ Kf7 24.Nxd8+ Rxd8 {+-} ) gxf5
23.Qxf5 Nxe4 24.Rxe4 Bc8 25.Qh5 Qf6 26.Qg5+ Qxg5 27.fxg5 Bf5
28.Re3 Kg6 29.g4 Bd7 30.f4 Bg7 31.Re7 Bxb2 32.Rae1 Rd8 33.Kg2
a5 34.Kg3 Bc3 35.R1e2 c6 36.h4 h5 37.f5+ Bxf5 38.gxf5+ Kxf5 39.Rf2+
Kg6 40.Re6+ Kg7 41.Re7+ Kg6 42.Rff7 cxd5 43.cxd5 Rc8 44.Rh7 Rh8
45.Rxh8 Bxh8 46.Re6+ Kf7 47.Kf4 Be5+ 48.Rxe5 1-0

[Event "Washington Open Championship"]
[Site "SeaTac City, WA"]
[Date "2012.05.28"]
[Round "6"]
[White "Dodd Edwin  (WA)"]
[Black "Oberly Calvin  (WA)"]
[Result "1/2-1/2"]
[WhiteElo "1179"]
[BlackElo "1044"]
[Annotator ""]
[Source ""]
[Remark "Booster"]

1.e4 e5 2.Nf3 Nc6 3.Bb5 d6 4.Bxc6+ bxc6 5.d4 exd4 6.Nxd4 Bb7
7.O-O c5 8.Nf3 Be7 9.Nc3 Nf6 10.Re1 O-O 11.Bd2 Re8 12.Nh4 Qd7
( 12...Nxe4 13.Nxe4 Bxh4 $17 ) 13.Nf5 g6 14.Ng3 d5 15.e5 d4 16.exf6
dxc3 17.Bxc3 Bd6 18.Qd2 Qc6 19.f3 Rad8 20.Qh6 Bf8 21.Qg5 h6 22.Qg4
Qd5 23.Ne2 Qf5 24.Qxf5 gxf5 25.Ng3 Bc8 26.Rxe8 Rxe8 27.Re1 Rd8
28.Re5 f4 29.Ne4 ( 29.Nh5 ) c4 30.Nd2 Bd6 31.Ra5 Be6 32.Ne4 Kh7
33.Nxd6 Rxd6 34.Rxa7 c6 35.a4 Rd1+ 36.Kf2 Rc1 37.a5 Rxc2+ 38.Kf1
Rc1+ 39.Be1 Kg6 40.Rc7 Bd5 41.a6 Ra1 42.a7 Kxf6 43.Ke2 Ra2 44.Bc3+
Ke6 45.Bd4 c5 46.Bxc5 {?} ( 46.Rxc5 {%02$16/+-  (if Rxa7, then Rxd5 wins.)}
) Rxb2+ 47.Kf1 c3 48.Bd4 Rb3 {%02?! $16} ( 48...Rb1+ 49.Ke2 Rb2+
50.Kd3 Rxg2 51.h4 {=} ) 49.Bxc3 Rb1+ 50.Be1 {?!} ( 50.Ke2 $16 )
Kd6 51.Rc8 Ra1 52.Rh8 Bc4+ 1/2-1/2

[Event "Washington Open Championship"]
[Site "SeaTac City, WA"]
[Date "2012.05.28"]
[Round "6"]
[White "Doknjas John  (CAN)"]
[Black "Webb Delmar  (WA)"]
[Result "1-0"]
[WhiteElo "1903"]
[BlackElo "1748"]
[Annotator ""]
[Source ""]
[Remark "Open"]

1.d4 d5 2.c4 e6 3.Nc3 Nf6 4.Bg5 Be7 5.Nf3 O-O 6.e3 h6 7.Bh4 b6
8.cxd5 Nxd5 9.Bxe7 Qxe7 10.Nxd5 exd5 11.Bd3 Be6 12.O-O Nd7 13.Rc1
Rfc8 14.Ba6 c5 15.Bxc8 Rxc8 16.Qa4 Rc7 17.Qa3 Kf8 18.Rc3 c4 19.Qxe7+
Kxe7 20.Nd2 b5 21.f3 b4 22.Rc2 Kd6 23.Rfc1 Kc6 24.Kf2 Kb5 25.e4
Nb6 26.Nf1 a5 27.Ne3 g6 28.g4 Rc8 29.e5 g5 30.Nf5 Na4 31.Nd6+ 1-0

[Event "Washington Open Championship"]
[Site "SeaTac City, WA"]
[Date "2012.05.28"]
[Round "5"]
[White "Hosford Michael (WA)"]
[Black "Lampman Becca  (WA)"]
[Result "1-0"]
[WhiteElo "1840"]
[BlackElo "1885"]
[Annotator ""]
[Source ""]
[Remark "Premier"]

1.e4 c5 2.Nf3 e6 3.d3 Nc6 4.g3 g6 5.Bg2 Bg7 6.O-O Nge7 7.Nbd2
O-O 8.Re1 d5 9.Qe2 Bd7 10.Nb3 b6 11.e5 Qc7 12.Bf4 Rac8 13.c4
a5 14.Nbd2 Nf5 15.cxd5 exd5 16.e6 Qb7 17.exd7 Qxd7 18.Nf1 Ncd4
19.Nxd4 Nxd4 20.Qd2 Qb5 21.Ne3 c4 22.Nxd5 Rcd8 23.dxc4 Qxc4 24.Ne3
Qb5 25.a4 Qa6 26.Qd1 Rfe8 27.Bf1 Qb7 28.Bg2 Qa6 29.Kh1 h6 30.h4
Ne6 31.Qg4 Rd4 32.Red1 Rb4 33.Bc6 Rc8 34.Bd7 Qb7+ 35.Nd5 Rc2
36.Kg1 ( 36.Bxe6 ) h5 37.Qf3 Nc5 38.Bc6 Qa6 39.Nxb4 axb4 40.Rd8+
Kh7 41.Bb5 Qa7 42.Rad1 Qe7 43.R1d7 Nxd7 {?} 44.Qxh5+ 1-0

[Event "Washington Open Championship"]
[Site "SeaTac City, WA"]
[Date "2012.05.28"]
[Round "5"]
[White "Harrison Drayton  (WA)"]
[Black "Hendricks David  (WA)"]
[Result "1-0"]
[WhiteElo "1973"]
[BlackElo "1615"]
[Annotator ""]
[Source ""]
[Remark "Premier"]

1.d4 Nf6 2.f3 d5 3.Nc3 e6 4.e4 dxe4 5.Bg5 exf3 6.Nxf3 Be7 7.Bd3
b6 8.O-O Bb7 9.Ne2 Nd5 ( 9...Nbd7 10.c3 Nd5 11.Bd2 Bf6 12.Ng3
Qe7 13.Qa4 c6 14.Rae1 O-O 15.Qc2 g6 16.Bh6 Bg7 17.Qd2 f6 18.Bxg7
Qxg7 19.Rxe6 Rae8 20.Rxe8 Rxe8 21.Ne4 Qe7 22.Re1 Qf8 23.Bc4 Kg7
24.Nh4 f5 25.Ng3 Rxe1+ 26.Qxe1 N7f6 27.Qe6 Qe8 28.Bxd5 cxd5 29.Nhxf5+
gxf5 30.Nxf5+ Kg6 31.Ne7+ Kg7 32.g4 Qd7 33.Nf5+ Kg6 34.Nh4+ Kg7
35.Nf5+ Kg6 {1-0, Wuts Frank (NED) 2321 - Pick Stepan (CZE) 2250, Gent (Belgium) 1994}
) 10.Bd2 c5 11.Ne5 O-O 12.Ng3 Nf6 13.Kh1 Qxd4 14.Bc3 Qd5 15.Qe2
Nc6 16.Bc4 Qd6 17.Nxf7 Rxf7 18.Bxe6 Nd4 19.Bxd4 cxd4 20.Nf5 Qc7
21.Bxf7+ Kxf7 22.Rae1 Re8 23.Qe6+ Kf8 24.Nxg7 Kxg7 25.Rxf6 Bxf6
26.Qxe8 Qd6 27.Qe2 Qd5 28.b3 a6 29.h3 b5 30.Qg4+ Kf7 31.Re2 Bc6
32.Rf2 Bd7 {?} ( 32...Qe4 $17 ) 33.Qh4 Bf5 34.Qh5+ Ke6 35.Qe8+
Kd6 36.Qf8+ Ke5 37.Qb8+ Ke6 38.Qg8+ Ke5 39.Qxd5+ Kxd5 40.Rxf5+
Be5 41.Rh5 a5 42.Rxh7 a4 43.bxa4 bxa4 44.Ra7 Kc4 45.Rxa4+ Kc3
46.Ra5 Bd6 47.Rd5 Ba3 48.g4 Kc4 49.Rd7 Kc3 50.g5 1-0

[Event "Washington Open Championship"]
[Site "SeaTac City, WA"]
[Date "2012.05.27"]
[Round "3"]
[White "Kiiru Joseph  (WA)"]
[Black "Dyste Peter  (WA)"]
[Result "1-0"]
[WhiteElo "1832"]
[BlackElo "1509"]
[Annotator ""]
[Source ""]
[Remark "Premier"]

1.d4 e6 2.c4 f5 3.Nc3 Nf6 4.g3 d5 5.Bg2 c6 6.Qb3 Be7 7.Nh3 O-O
8.O-O a5 9.Rd1 a4 10.Nxa4 dxc4 11.Qc2 b5 12.Nc3 Nd5 13.e4 fxe4
14.Bxe4 h6 15.Nf4 Nxf4 16.Bxf4 Ba6 17.d5 exd5 18.Nxd5 cxd5 19.Bxd5+
Qxd5 20.Rxd5 Nc6 21.Qe4 Bf6 22.Qe6+ 1-0

[Event "Washington Open Championship"]
[Site "SeaTac City, WA"]
[Date "2012.05.27"]
[Round "3"]
[White "Ummel Igor  (WA)"]
[Black "He Daniel  (WA)"]
[Result "1/2-1/2"]
[WhiteElo "2021"]
[BlackElo "1950"]
[Annotator ""]
[Source ""]
[Remark "Open"]

1.e4 c5 2.Nc3 a6 3.a4 e6 4.f4 d5 5.d3 Nf6 6.Be2 Nc6 7.Nf3 d4
8.Nb1 Bd7 9.Na3 b5 ( 9...b5 10.axb5 axb5 11.Bd2 Rb8 12.O-O Be7
13.Qe1 O-O 14.Ng5 Qc7 15.g4 c4 16.dxc4 Qb6 17.Kh1 Bxa3 18.Rxa3
bxc4 19.e5 d3 20.exf6 dxe2 21.Qxe2 Nd4 22.Qf2 Bc6+ 23.Nf3 Nxf3
24.Rxf3 Qxf2 25.R1xf2 Rxb2 26.Bc3 Bxf3+ 27.Rxf3 Rxc2 28.Be5 Rd8
29.Rf1 Rdd2 30.Ra1 Rxh2+ 31.Kg1 Rhg2+ 32.Kf1 gxf6 33.Bxf6 h6
34.g5 hxg5 35.fxg5 Kh7 36.Ra8 Rgf2+ 37.Ke1 Rxf6 38.gxf6 Kg6 39.Kd1
Rh2 40.Rc8 Rh4 {0-1, Malachowski Margit (GER) 2174 - Wessbecher Hubert (FRA) 2115, Germany 1993.11.14}
) 10.O-O Be7 11.Qe1 O-O 12.Qg3 Ne8 13.Ne5 Nc7 14.Nxc6 Bxc6 15.f5
Bh4 16.Qe5 Be7 17.fxe6 Nxe6 18.Bg4 Bd6 19.Qh5 Qe7 20.Rf3 g6 21.Qh6
f6 22.Qh3 f5 23.exf5 Bxf3 24.Bxf3 Ng7 25.Bd2 Rxf5 26.Bxa8 Qe2
27.Bf3 Qxd2 28.axb5 axb5 29.Nxb5 Bf8 30.Na3 Ne6 31.Qg3 Bh6 32.Qe1
Be3+ 33.Kh1 Ng5 34.Qxd2 Bxd2 35.Nc4 Bb4 36.Rf1 Kg7 37.Kg1 Nf7
38.Ra1 Rf6 39.Ra7 Kh6 40.Bd5 Nd6 41.Ne5 Rf5 42.Re7 Bd2 43.g4
Be3+ 44.Kg2 Rf2+ 45.Kg3 Rf6 46.h4 ( 46.g5+ Kxg5 47.h4+ Kh5 48.Rxh7+ )
g5 47.Bg8 gxh4+ 48.Kxh4 Bg5+ 49.Kh3 Rf3+ 50.Nxf3 Bxe7 51.b4 Nb5
52.bxc5 Bxc5 53.Kh4 Nc7 54.g5+ Kg7 55.Bc4 Ne8 56.Kg4 Nd6 57.Bd5
Nb5 58.Kf5 Na3 59.Bb3 Bb6 60.Ba4 Ba7 61.Ne5 Bb6 62.Ke6 Bc7 63.Kd5
Bb6 64.Nd7 Bd8 65.Nc5 Bb6 66.Kxd4 Kg6 67.Kd5 Kxg5 68.Kc6 Ba5
69.Nb3 Nxc2 70.Nxa5 Nb4+ 71.Kc5 Nxd3+ 72.Kd4 Nf4 1/2-1/2

[Event "Washington Open Championship"]
[Site "SeaTac City, WA"]
[Date "2012.05.28"]
[Round "5"]
[White "Gulamali Freya  (WA)"]
[Black "Haining Breck  (WA)"]
[Result "1-0"]
[WhiteElo "1149"]
[BlackElo "1114"]
[Annotator ""]
[Source ""]
[Remark "Booster"]

1.e4 g6 2.d4 Bg7 3.Nf3 d6 4.Nc3 Nf6 5.Bc4 O-O 6.O-O Nbd7 7.Bd2
c6 ( 7...c6 8.a4 e5 9.dxe5 Nxe5 10.Nxe5 dxe5 11.Qc1 Qe7 12.Bh6
Be6 13.Ba2 Rad8 14.Qg5 Bxa2 15.Rxa2 Bxh6 16.Qxh6 Qd6 17.Raa1
Qd2 18.Qxd2 Rxd2 19.Rac1 Rfd8 20.f4 Ng4 21.fxe5 Nxe5 22.Rfd1
f6 23.Rxd2 Rxd2 24.b4 Nc4 25.b5 Ne3 26.bxc6 bxc6 27.g3 Rg2+ 28.Kh1
Rxc2 29.Rxc2 Nxc2 30.a5 Nb4 31.Na4 Kf7 32.Nc5 Ke7 33.Kg2 Kd6
34.Nb7+ Ke5 35.Kf3 Na6 36.Nd8 Kd6 37.Nf7+ Ke7 38.Nh6 Nc5 39.Ng8+
Kf7 40.Nh6+ Ke6 41.Ng4 Nb3 42.a6 Nc5 43.Ne3 Nxa6 44.Nc4 Nc5 45.Na5
Nd7 46.Nxc6 Ne5+ 47.Nxe5 Kxe5 48.Ke3 h5 49.h3 g5 {0-1, Martinez Fernandez Laura - Arias Alejandro 2210, Burgos (Spain) 2000}
) 8.Qc1 b5 9.Bd3 Rb8 10.Bh6 e5 11.Bxg7 Kxg7 12.dxe5 dxe5 13.Ne2
Nc5 14.Qe3 Qd6 15.b4 Nxd3 16.cxd3 Bg4 17.a3 Rb7 18.Rac1 Rc7 19.Rc5
Nd7 20.Rc2 c5 21.bxc5 Rxc5 22.Rxc5 Nxc5 23.d4 Bxf3 {??}
( 23...exd4 ) 24.dxc5 Qc6 25.Qxf3 Qxc5 26.Qc3 Qd6 27.f4 f6 28.fxe5
fxe5 29.Rxf8 Kxf8 30.Qc8+ Ke7 31.Qb7+ Qd7 32.Qa8 ( 32.Qxd7+ )
Kd6 33.Qd5+ Kc7 34.Qxe5+ Kb6 35.Qf6+ Ka5 36.e5 Qd3 37.Qf2 Qd1+
38.Qf1 Qxf1+ 39.Kxf1 Kb6 40.e6 Kc7 41.Nd4 a6 42.Ke2 Kd6 43.Kd3
a5 44.Kc3 b4+ 45.axb4 axb4+ 46.Kxb4 h6 47.Kc3 Ke5 48.Kd3 Kf6
49.Ke4 h5 50.Kd5 Ke7 51.Kc6 Kd8 52.Kd6 g5 53.e7+ Ke8 54.Nf5
( 54.Ke6 g4 55.Nf5 h4 56.Ng7# ) h4 55.Ng7+ Kf7 56.Kd7 Kxg7 57.e8Q
Kf6 58.Qe4 Kg7 59.Qe6 h3 60.Qe5+ Kg6 61.gxh3 Kh5 62.Qe4 Kh6 63.h4
Kh5 64.hxg5 Kxg5 65.Qf3 Kg6 66.h4 Kg7 67.Qf5 Kh6 68.Qg4 Kh7 69.Ke7
Kh6 70.Kf7 Kh7 71.Qg7# 1-0